[Event "BI-2012-P-00014"]
[Site "LSS email"]
[Date "2012.04.20"]
[Round "?"]
[White "Riveros, Jose Luis"]
[Black "Boehme, Sebastian"]
[Result "0-1"]
[WhiteElo "661"]
[BlackElo "2303"]
[PlyCount "28"]
[EventDate "2012.04.22"]
[EventType "tourn (corr)"]
[EventRounds "10"]
[EventCountry "GER"]
[SourceTitle "Corr 2015"]
[Source "ChessBase"]
[SourceDate "2015.07.17"]
[SourceVersion "1"]
[SourceVersionDate "2015.07.17"]
[SourceQuality "1"]

1. b3 e5 2. Bb2 Nc6 3. Nf3 e4 4. Nd4 Nf6 5. d3 e3 6. fxe3 Ng4 7. Nd2 Nxe3 8. Qc1 Nxd4 9. Bxd4 Qh4+ 10. g3 Qxd4 11. Nf3 Bb4+ 12. Nd2 Ng4 13. c3 Qf2+ 14. Kd1 Ne3# 0-1

[Event "BI-2012-P-00014"]
[Site "LSS email"]
[Date "2012.04.20"]
[Round "?"]
[White "Riveros, Jose Luis"]
[Black "Popov, Misha"]
[Result "0-1"]
[WhiteElo "661"]
[BlackElo "908"]
[PlyCount "38"]
[EventDate "2012.04.22"]
[EventType "tourn (corr)"]
[EventRounds "10"]
[EventCountry "GER"]
[SourceTitle "Corr 2015"]
[Source "ChessBase"]
[SourceDate "2015.07.17"]
[SourceVersion "1"]
[SourceVersionDate "2015.07.17"]
[SourceQuality "1"]

1. b3 d5 2. Bb2 Nc6 3. d4 Nf6 4. Nf3 Bf5 5. e3 e6 6. Bb5 a6 7. Bxc6+ bxc6 8. 0-0 Bd6 9. Nbd2 0-0 10. c4 Nd7 11. Re1 Bg4 12. Qc2 Bf5 13. e4 dxe4 14. Ne5 Nxe5 15. dxe5 Be7 16. Nxe4 Bb4 17. Red1 Qh4 18. Rd7 Qxe4 19. Rc1 Qxc2 0-1

[Event "OP-2012-0-02134"]
[Site "LSS email"]
[Date "2012.04.03"]
[Round "?"]
[White "Riveros, Jose Luis"]
[Black "Belter, Edmund"]
[Result "0-1"]
[WhiteElo "661"]
[BlackElo "1317"]
[PlyCount "65"]
[EventDate "2012.03.30"]
[EventType "tourn (corr)"]
[EventRounds "4"]
[EventCountry "GER"]
[SourceTitle "Telechess CBM 155"]
[Source "ChessBase"]
[SourceDate "2013.07.16"]
[SourceVersion "1"]
[SourceVersionDate "2013.07.16"]
[SourceQuality "1"]

1. b3 Nf6 2. Bb2 e5 3. d3 Nc6 4. Nf3 d5 5. Nbd2 Bd6 6. e4 0-0 7. Be2 Qe7 8. 0-0 Ba3 9. Rb1 Bxb2 10. Rxb2 Rd8 11. h3 dxe4 12. dxe4 Nxe4 13. Bc4 Qa3 14. Rb1 Nc3 15. Qe1 Nxb1 16. Nxb1 Qe7 17. Nbd2 a6 18. Ne4 b5 19. Bd5 Rxd5 20. Nc3 Rd8 21. Qe4 Qc5 22. Ng5 f5 23. Qh4 h6 24. Nf3 Qxc3 25. Re1 e4 26. Re3 Qxc2 27. Kh2 Qxa2 28. Ne5 Nxe5 29. Qxd8+ Kh7 30. Qd4 Bb7 31. Qxe5 Qxf2 32. Qxc7 Qxe3 33. Qxb7 0-1

[Event "ZN-2012-0-01909"]
[Site "LSS email"]
[Date "2012.04.03"]
[Round "?"]
[White "Riveros, Jose Luis"]
[Black "Newton, Daryl"]
[Result "0-1"]
[WhiteElo "661"]
[BlackElo "590"]
[PlyCount "78"]
[EventDate "2012.04.01"]
[EventType "match (corr)"]
[EventRounds "2"]
[EventCountry "GER"]
[SourceTitle "Telechess CBM 155"]
[Source "ChessBase"]
[SourceDate "2013.07.16"]
[SourceVersion "1"]
[SourceVersionDate "2013.07.16"]
[SourceQuality "1"]

1. b3 e5 2. Bb2 d6 3. d3 c5 4. c4 Nf6 5. Nf3 a6 6. Nbd2 Nc6 7. e4 Be7 8. Be2 b5 9. a4 bxc4 10. Nxc4 Be6 11. 0-0 h5 12. Ng5 Bg4 13. h3 Bxe2 14. Qxe2 Rb8 15. Ra3 h4 16. Ne3 Nh5 17. Nf5 Bxg5 18. Qg4 Na5 19. b4 Rxb4 20. Bc3 Rb3 21. Bxa5 Qxa5 22. Rxb3 Qd8 23. Rb7 g6 24. Rfb1 0-0 25. Rb8 Qf6 26. Rxf8+ Kh7 27. Rb7 Ng7 28. Rbxf7 a5 29. Rxg7+ Qxg7 30. Nxg7 Bh6 31. Ne6 Bxf8 32. Nxf8+ Kg7 33. Ne6+ Kf7 34. Nxc5 dxc5 35. Qxh4 Ke6 36. f4 exf4 37. Qxf4 Kd7 38. Qf7+ Kd8 39. Qxg6 Kd7 0-1

[Event "OP-2012-0-02134"]
[Site "LSS email"]
[Date "2012.04.03"]
[Round "?"]
[White "Willmann, Bernd"]
[Black "Riveros, Jose Luis"]
[Result "1-0"]
[WhiteElo "1590"]
[BlackElo "661"]
[PlyCount "59"]
[EventDate "2012.03.30"]
[EventType "tourn (corr)"]
[EventRounds "4"]
[EventCountry "GER"]
[SourceTitle "Telechess CBM 155"]
[Source "ChessBase"]
[SourceDate "2013.07.16"]
[SourceVersion "1"]
[SourceVersionDate "2013.07.16"]
[SourceQuality "1"]

1. c4 Nc6 2. g3 e5 3. Nc3 Nf6 4. Bg2 Be7 5. Nf3 0-0 6. d4 e4 7. Ng5 d5 8. cxd5 Na5 9. Ngxe4 Nc4 10. Qb3 Nd6 11. 0-0 c6 12. Nxd6 Bxd6 13. e4 cxd5 14. e5 Ne4 15. exd6 Qxd6 16. Bf4 Qb6 17. Qxb6 axb6 18. Nxd5 b5 19. Bxe4 Ra4 20. Ne7+ Kh8 21. Nxc8 Rxc8 22. Bxb7 Rc2 23. Rae1 h6 24. Re8+ Kh7 25. Be4+ g6 26. Bxc2 Rxd4 27. Be5 f6 28. Bxd4 b4 29. Bxf6 h5 30. Rh8# 1-0

[Event "OP-2012-0-02059"]
[Site "LSS email"]
[Date "2012.02.10"]
[Round "?"]
[White "Henke, Simon"]
[Black "Riveros, Jose Luis"]
[Result "1-0"]
[WhiteElo "1517"]
[BlackElo "800"]
[PlyCount "59"]
[EventDate "2012.02.07"]
[EventType "tourn (corr)"]
[EventRounds "4"]
[EventCountry "GER"]
[SourceTitle "Telechess CBM 153"]
[Source "ChessBase"]
[SourceDate "2013.03.14"]
[SourceVersion "1"]
[SourceVersionDate "2013.03.14"]
[SourceQuality "1"]

1. b3 e5 2. Bb2 d6 3. e3 Nf6 4. c4 Nc6 5. d3 Be7 6. Nf3 0-0 7. Be2 Bg4 8. Nbd2 a5 9. 0-0 d5 10. Nxe5 Nxe5 11. Bxe5 Bd6 12. Bxf6 Qxf6 13. Bxg4 dxc4 14. bxc4 Rae8 15. Ne4 Qg6 16. Nxd6 Qxd6 17. d4 Re4 18. Qf3 Qg6 19. Bf5 Qc6 20. Qxe4 Qxc4 21. Bxh7+ Kh8 22. Qh4 g6 23. Bxg6+ Kg7 24. Qh7+ Kf6 25. Rfc1 Qe6 26. Rxc7 Qg4 27. Rxf7+ Rxf7 28. Qxf7+ Kg5 29. f4+ Kh6 30. Qh7# 1-0

[Event "OP-2012-0-02059"]
[Site "LSS email"]
[Date "2012.02.10"]
[Round "?"]
[White "Riveros, Jose Luis"]
[Black "Mudra, Oldrich"]
[Result "0-1"]
[WhiteElo "800"]
[BlackElo "2083"]
[PlyCount "42"]
[EventDate "2012.02.07"]
[EventType "tourn (corr)"]
[EventRounds "4"]
[EventCountry "GER"]
[SourceTitle "Telechess CBM 153"]
[Source "ChessBase"]
[SourceDate "2013.03.14"]
[SourceVersion "1"]
[SourceVersionDate "2013.03.14"]
[SourceQuality "1"]

1. b3 e5 2. Bb2 Nc6 3. e4 Nf6 4. d3 d5 5. Nd2 Bc5 6. h3 0-0 7. Ngf3 Qe7 8. exd5 Nxd5 9. Be2 Nf4 10. Ne4 Nxg2+ 11. Kf1 Nf4 12. Nxc5 Qxc5 13. h4 Bh3+ 14. Ke1 Rae8 15. c4 e4 16. dxe4 Rxe4 17. Ng1 Ng2+ 18. Kd2 Rd8+ 19. Bd3 Rxd3+ 20. Kxd3 Bf5 21. Qd2 Re3# 0-1

[Event "OP-2012-0-02059"]
[Site "LSS email"]
[Date "2012.02.10"]
[Round "?"]
[White "Riveros, Jose Luis"]
[Black "Vontina, Maria"]
[Result "0-1"]
[WhiteElo "800"]
[BlackElo "711"]
[PlyCount "64"]
[EventDate "2012.02.07"]
[EventType "tourn (corr)"]
[EventRounds "4"]
[EventCountry "GER"]
[SourceTitle "Telechess CBM 153"]
[Source "ChessBase"]
[SourceDate "2013.03.14"]
[SourceVersion "1"]
[SourceVersionDate "2013.03.14"]
[SourceQuality "1"]

1. b3 Nf6 2. Bb2 e6 3. d3 Be7 4. e4 d6 5. Nf3 0-0 6. e5 dxe5 7. Nxe5 Nbd7 8. Be2 c5 9. Nxd7 Qxd7 10. 0-0 Rb8 11. Nc3 b6 12. d4 cxd4 13. Nb1 Rd8 14. c4 Bb7 15. f3 e5 16. f4 e4 17. f5 d3 18. Bg4 e3 19. Qc1 Nxg4 20. h3 d2 21. Nxd2 exd2 22. Qd1 Nf6 23. Bc3 Qd3 24. Kh1 Ne4 25. Qg4 f6 26. h4 Ng3+ 27. Kg1 Bc5+ 28. Kh2 Nxf1+ 29. Rxf1 Qxf1 30. Qg3 Bd6 31. Kh3 Bxg3 32. Kxg3 Rd3+ 0-1